Welfare and the Labor Market in Poland. Social Policy During Economic Transition (Record no. 4003)

MARC details
000 -LEADER
fixed length control field 00531nam a22002057i 4500
001 - CONTROL NUMBER
control field 4073
003 - CONTROL NUMBER IDENTIFIER
control field OSt
005 - DATE AND TIME OF LATEST TRANSACTION
control field 20170126082327.0
007 - PHYSICAL DESCRIPTION FIXED FIELD--GENERAL INFORMATION
fixed length control field tu
008 - FIXED-LENGTH DATA ELEMENTS--GENERAL INFORMATION
fixed length control field 161220s1998 xxu||||| |||| 00| 0 d
024 7# - OTHER STANDARD IDENTIFIER
Standard number or code 4072
Source of number or code RID
040 ## - CATALOGING SOURCE
Transcribing agency OSt
084 ## - OTHER CLASSIFICATION NUMBER
Classification number 10.53
-- 19.2
Number source z
100 1# - MAIN ENTRY--PERSONAL NAME
Personal name Rutkowski, Jan
245 00 - TITLE STATEMENT
Title Welfare and the Labor Market in Poland. Social Policy During Economic Transition
260 ## - PUBLICATION, DISTRIBUTION, ETC.
Place of publication, distribution, etc. Washington :
Name of publisher, distributor, etc. World Bank,
Date of publication, distribution, etc. 1998.
300 ## - PHYSICAL DESCRIPTION
Extent 95 S. ;
Dimensions 30cm.
490 ## - SERIES STATEMENT
Series statement World Bank Technical Paper
Volume/sequential designation 417
651 ## - SUBJECT ADDED ENTRY--GEOGRAPHIC NAME
Geographic name Poland
942 ## - ADDED ENTRY ELEMENTS (KOHA)
Koha item type Book
Holdings
Withdrawn status Lost status Damaged status Not for loan Home library Current library Shelving location Date acquired Inventory number Total Checkouts Full call number Barcode Date last seen Price effective from Koha item type
        WIIW WIIW Library 11/10/1998 4073   II-6.126/417 304071 01/26/2017 01/26/2017 Book
The Vienna Instiute for International Economic Studies (wiiw)